00799 a2200181 4500001000700000020001900007040003200026090000800058100002000066245001900086250000600105260001600111362000900127520036300136942000700499952009200506999001900598119642 a978-8516034856 cEscola Canadense de Niteroi aQUI aQuintana, Mario10aNariz de Vidro a2 aSão Paulo0 a2003 aA maior sensibilidade de um dos maiores poetas brasileiros. O mundo poético deste livro é feito de ternura, melancolia, lirismo, nostalgia da infância e um humor irônico e transparente. É uma coletânea do melhor da obra deste poeta, um dos maiores da poesia brasileira de todos os tempos. Um livro para não se perder, da juventude à velhice. cBK 00104070a80.1b80.1d2024-02-09l0oQUIpA26101r2024-02-09 21:15:18w2024-02-09yBK c119642d119642